| 000 | 01141cad a22002175a 4500 | ||
|---|---|---|---|
| 001 | L157006 | ||
| 008 | 110810s2012 xxk f 000 0 eng d | ||
| 035 | _a(Sirsi) u157006 | ||
| 041 | 0 | _aeng | |
| 100 | 1 | _aHolt, Andrew | |
| 245 | 0 | 0 |
_aService charge operating report for offices _bSCOR for offices 2011/12 _h[electronic resource] |
| 260 |
_aBristol _bProperty Solutions (UK) _aLondon _bKingston University _c2012 |
||
| 520 | _aThis latest research includes a detailed analysis of service charge cost for UK offices and an in-depth analysis of compliance of service charge documents set out in the RICS Code of Practice Service Charges in Commercial Property (2011). Emphasises the substantial difference between the costs of air-conditioned and non air-conditioned buildings. | ||
| 590 | _aKA NTK | ||
| 651 | 4 |
_aUnited Kingdom _y |
|
| 690 |
_aCommercial property _96227 |
||
| 700 | 1 | _aBarrass, David | |
| 700 | 1 | _aZatolokina, Anastasia | |
| 856 | 4 | 0 |
_uhttps://www.property-solutions.co.uk/download/?download=(NEW)%20SCOR%20for%20Offices%202012.pdf _zView the report after free registration at www.property-solutions.co.uk |
| 942 | _n0 | ||
| 999 |
_c114539 _d114539 |
||